Statistiques concernant Majax de A à Z

Cliquez ici pour prendre le quiz!

Statistiques générales

  • Ce quiz a été pris 22 fois
    (20 depuis la dernière actualisation)
  • Le résultat moyen est 4 sur 26

Statistiques - réponses

LettreQuestionRéponse% Correct
A
Quelle est une des langues que j'apprends en ce moment ?Allemand
95%
JDans quel pays est-ce que j'aimerais beaucoup voyager ?Japon
37%
RQuelle est la nationalité de mon meilleur ami non-français ?Roumaine
37%
YQu'est-ce que j'adore vraiment manger en dessert ?Yaourt au citron
32%
NOù est-ce que j'habite ?Nantes
26%
DEn toutes lettres, quelle est mon année de naissance ?Deux mille deux
21%
MQuel est mon domaine d'étude ?Mathématiques
21%
HQuel est mon starter Pokémon préféré ?Héricendre
16%
VQuel est mon département de naissance ?Vendée
16%
EQuelle est une des langues que j'apprends en ce moment ?Espéranto
11%
OQu'ai-je acheté en début d'année scolaire ?Ordinateur portable
11%
SQuel est le plat principal que je consomme le plus au quotidien ?Sandwich Fromage Crudités
11%
UQuel est mon aventurier préféré de Koh Lanta, toutes saisons confondues ?Ugo
11%
FÀ quelle communauté d'internet est-ce que j'appartiens ?Furry
5%
KQue peut-on sélectionner dans le mode PvP de mon serveur Minecraft ?Kit
5%
QQu'ai-je dû subir de mon retour, la première fois que je suis revenu de Marseille ?Quarantaine
5%
BÀ quel jeu est-ce que j'aime beaucoup jouer sur navigateur ?Bonk.io / BombParty
0%
CQu'est-ce que je mange la plupart du temps au petit déjeuner et au goûter ?Casse-croûtes
0%
TQuelle est une des langues que j'apprends en ce moment ?
Toki pona
0%
GQuel est le nom de la megacollab publiée sur mon compte Geometry Dash ?Gouda
0%
IDe quel serveur Discord partenaire suis-je un Owner ?International Hangout
0%
LÀ quel discipline est-ce que je m'intéresse beaucoup en dehors de mes études ?Linguistique
0%
PQuel est mon jeu préféré ?Pokémon Donjon Mystère - Équipe de Secours Rouge
0%
WQuel est le pseudo de mon petit copain ?Weenside
0%
XQuel est un des politiciens que je haie le plus ?Xi Jinping
0%
ZQuel est le serveur qui m'a introduit aux serveurs internationaux ?Zimbabwe Army
0%

Distribution des résultats

Percentile par nombre de réponses

% des personnes avec chaque résultat

Votre développement - résultats

Vous n’avez pas pris ce quiz depuis la dernière actualisation